00498nam a22001337a 4500008004100000020001500041050002400056100002800080245009800108250001200206260002900218300007900247650003800326160928b xxu||||| |||| 00| 0 eng d a0205376169 aLC 3981 b.S56 2003 aSmith, Deborah Deutsch. aIntroduction to special educaion :bteaching in an age of opportunitycDeborah Deutsch Smith. a5th ed. aBoston:bPearson,c2003. axxviii,564p. :ill. ;bInclude bibliographical references and index.c22cm. aSpecial educationxUnited states.